Churchill / (Record no. 3255)

MARC details
000 -LEADER
fixed length control field 01169nam a22002177a 4500
001 - CONTROL NUMBER
control field 3255
003 - CONTROL NUMBER IDENTIFIER
control field FISKH
005 - DATE AND TIME OF LATEST TRANSACTION
control field 20240222112525.0
008 - FIXED-LENGTH DATA ELEMENTS--GENERAL INFORMATION
fixed length control field 240222b cb ||||| |||| 00| 0 eng d
040 ## - CATALOGING SOURCE
Original cataloging agency FISKH
Language of cataloging eng
Transcribing agency FISKH
Modifying agency FISKH
050 ## - LIBRARY OF CONGRESS CALL NUMBER
Classification number DA566.C5
082 ## - DEWEY DECIMAL CLASSIFICATION NUMBER
Classification number 941.084092
100 ## - MAIN ENTRY--PERSONAL NAME
Personal name Jenkins, Roy
Dates associated with a name 1920-2003
245 ## - TITLE STATEMENT
Title Churchill /
Statement of responsibility, etc. by Jenkins Roy
260 ## - PUBLICATION, DISTRIBUTION, ETC.
Place of publication, distribution, etc. London :
Name of publisher, distributor, etc. Macmillan,
Date of publication, distribution, etc. 2001
300 ## - PHYSICAL DESCRIPTION
Extent 1001 pages :
Other physical details illustrations :
Dimensions 20 cm
520 ## - SUMMARY, ETC.
Summary, etc. Winston Churchill is an icon of modern history, but even though he was at the forefront of the political scene for almost sixty years, he might be remembered only as a minor player in the drama of British government had it not been for World War II. In this magisterial book, Roy Jenkins's command of the political history of Britain and his own high-level government experience combine in a narrative account of Churchill's astounding career that is unmatched in its shrewd insights, its unforgettable anecdotes, the clarity of its overarching themes, and the author's nuanced appreciation of his extraordinary subject.
600 ## - SUBJECT ADDED ENTRY--PERSONAL NAME
Personal name Churchill
648 ## - SUBJECT ADDED ENTRY--CHRONOLOGICAL TERM
Chronological term British History
942 ## - ADDED ENTRY ELEMENTS (KOHA)
Source of classification or shelving scheme Dewey Decimal Classification
Koha item type Books
Suppress in OPAC No
Holdings
Withdrawn status Lost status Source of classification or shelving scheme Damaged status Not for loan Collection Home library Current library Shelving location Date acquired Total Checkouts Full call number Barcode Date last seen Copy number Price effective from Koha item type
    Dewey Decimal Classification     Non-Fiction Footprints International School Library Network Toul Kork Campus Footprints International School Library Network Toul Kork Campus   02/22/2024   JEN 941.084092 DA566.C5 2024-0096 02/22/2024 1 02/22/2024 Books